| 000 | 00662nam a2200229 i 4500 | ||
|---|---|---|---|
| 001 | bg | ||
| 100 | 1 | _aFIGURSKI, Jan | |
| 245 | 0 |
_aCybernetyka parku maszynowego / _cJan Figurski ; Polskie Towarzystwo Cybernetyczne. |
|
| 260 |
_aWrocław [et al.] : _bZakł. Narodowy im. Ossolińskich, _c1987. |
||
| 300 |
_a93, [3] s. : _bwykr. ; _c24 cm. |
||
| 490 | 1 | _acybernetyka | |
| 504 | _aBibliogr. s. 95. | ||
| 710 | _aPOLSKIE TOWARZYSTWO CYBERNETYCZNE | ||
| 830 | _acybernetyka | ||
| 020 | _a8304022761 | ||
| 040 | _cBPK | ||
| 041 | _apol | ||
| 080 | _a621:001:519.7 | ||
| 920 | _a83-04-02276-1 | ||
| 942 | _cKS | ||
| 008 | s pl f |000 0 pol | ||
| 999 |
_c23509 _d23509 |
||
| 856 |
_uhttp://koha.tu.koszalin.pl/cgi-bin/koha/opac-detail.pl?biblionumber=23509 _yKatalog online BPK |
||